[Event "Seniorsko prvenstvo Centralne "]
[Site "Vrnjacka Banja"]
[Date "2008.11.13"]
[Round "8.1"]
[White "Lajthajm, Borko"]
[Black "Rajkovic, Dusan"]
[Result "1/2-1/2"]
[WhiteElo "2498"]
[BlackElo "2474"]
[PlyCount "23"]
[EventDate "2008.11.08"]

1. d4 d5 2. c4 c6 3. Nc3 Nf6 4. Nf3 e6 5. cxd5 exd5 6. Qc2 Be7 7. Bf4 Nbd7 8.
e3 O-O 9. h3 Re8 10. Bd3 Nf8 11. O-O Ng6 12. Bg3 1/2-1/2

[Event "Seniorsko prvenstvo Centralne "]
[Site "Vrnjacka Banja"]
[Date "2008.11.13"]
[Round "8.2"]
[White "Arsovic, Goran"]
[Black "Antic, Dejan"]
[Result "1/2-1/2"]
[WhiteElo "2432"]
[BlackElo "2489"]
[PlyCount "90"]
[EventDate "2008.11.08"]

1. d4 Nf6 2. Nf3 e6 3. c4 b6 4. g3 Ba6 5. Qa4 Be7 6. Bg2 O-O 7. Ne5 c6 8. Nc3
d5 9. Nxc6 Nxc6 10. Qxa6 Nxd4 11. O-O Rc8 12. cxd5 Nxd5 13. Nxd5 exd5 14. Bd2
b5 15. e3 Nc2 16. Rac1 d4 17. exd4 Nxd4 18. Rxc8 Qxc8 19. Qxa7 Bf6 20. b3 Qf5
21. Be3 Nf3+ 22. Bxf3 Qxf3 23. Qc5 h5 24. Qxb5 h4 25. Qd7 Rd8 26. Qh3 Qe2 27.
g4 Qxa2 28. g5 Be7 29. Qxh4 Qxb3 30. Qe4 Bf8 31. Kg2 Qd5 32. Qxd5 Rxd5 33. Rc1
Rd8 34. h4 g6 35. Kf3 Bg7 36. Rc4 Rf8 37. Kg4 f6 38. Rc7 Rf7 39. Rc6 Kh7 40. f3
fxg5 41. Bxg5 Rb7 42. Rc5 Kg8 43. Rc4 Rd7 44. h5 Rd4+ 45. Rxd4 gxh5+ 1/2-1/2

[Event "Seniorsko prvenstvo Centralne "]
[Site "Vrnjacka Banja"]
[Date "2008.11.13"]
[Round "8.3"]
[White "Tosic, Miroslav"]
[Black "Novoselski, Zoran"]
[Result "1-0"]
[WhiteElo "2445"]
[BlackElo "2388"]
[PlyCount "119"]
[EventDate "2008.11.08"]

1. Nf3 e6 2. d3 d5 3. Nbd2 Nc6 4. g3 Nf6 5. Bg2 Bc5 6. O-O a5 7. c3 O-O 8. Qa4
Bd7 9. Qc2 e5 10. e4 dxe4 11. dxe4 Qe7 12. Nc4 Rfd8 13. a4 Ng4 14. b3 Be6 15.
Qe2 h6 16. Nh4 Nf6 17. Ra2 Ne8 18. Rb2 Qd7 19. Rd2 Nd6 20. Rfd1 Qe8 21. Nxd6
cxd6 22. Rb2 Ne7 23. h3 Rab8 24. c4 Nc6 25. Be3 Qe7 26. Rbd2 Nd4 27. Bxd4 Bxd4
28. Rd3 Bc5 29. Kh2 g6 30. Qd2 Kh7 31. Qxa5 Bxf2 32. Nf3 Bc5 33. Qd2 Rdc8 34.
Qe2 Rf8 35. Qe1 Rbc8 36. Qe2 Qc7 37. Nh4 Rce8 38. Rf1 Qc8 39. Rdf3 Bb6 40. Qd2
Qc5 41. Rd3 Rd8 42. Rdf3 Kg7 43. Rd3 Qc7 44. Nf5+ gxf5 45. exf5 Bxf5 46. Rxf5
Qe7 47. Qe2 Kh8 48. Bd5 e4 49. Qh5 Kg7 50. Qg4+ Kh8 51. Qf4 Kg7 52. Bxe4 d5 53.
cxd5 Rd6 54. Rf3 f6 55. Qg4+ Kh8 56. Qf4 Kg7 57. h4 Bd4 58. Bd3 Be5 59. Qe4 Kh8
60. Rxe5 1-0

[Event "Seniorsko prvenstvo Centralne "]
[Site "Vrnjacka Banja"]
[Date "2008.11.13"]
[Round "8.4"]
[White "Nikolic, Stanimir"]
[Black "Maksimovic, Branimir"]
[Result "1/2-1/2"]
[WhiteElo "2291"]
[BlackElo "2418"]
[Annotator "Zivic,Dragan"]
[PlyCount "87"]
[EventDate "2008.11.08"]

1. d4 Nf6 2. Nf3 e6 3. g3 d5 4. Bg2 Be7 5. O-O O-O 6. b3 Nbd7 7. Bb2 b5 8. Nbd2
Rb8 9. Re1 Bb7 10. h3 b4 11. a3 a5 12. axb4 axb4 13. e3 Ra8 14. Qe2 Bc6 15.
Rec1 Qb8 16. Ne5 Nxe5 17. dxe5 Nd7 18. e4 Nb6 19. Bd4 Qb7 20. Qe3 h6 21. Bxb6
cxb6 22. exd5 Bxd5 23. Bxd5 Qxd5 24. Rxa8 Rxa8 25. Qe4 Rd8 26. Qxd5 Rxd5 27.
Nf3 Rc5 28. h4 h5 29. Kf1 Kh7 30. Ke2 Kg6 31. Kd2 Rd5+ 32. Ke2 Rc5 33. Kd2 Rc3
34. Ne1 Kf5 35. Nd3 Bc5 36. Re1 Bd4 37. f3 Rc7 38. g4+ hxg4 39. fxg4+ Kg6 40.
Re4 Rd7 41. Ke2 Bc3 42. Ke3 b5 43. Kf3 Kh6 44. Ke2 {inc...109 moves} 1/2-1/2

[Event "Seniorsko prvenstvo Centralne "]
[Site "Vrnjacka Banja"]
[Date "2008.11.13"]
[Round "8.5"]
[White "Abramovic, Bosko"]
[Black "Zivkovic, Ivan B"]
[Result "1-0"]
[WhiteElo "2484"]
[BlackElo "2322"]
[PlyCount "133"]
[EventDate "2008.11.08"]

1. d4 d5 2. Nf3 Nf6 3. c4 c6 4. e3 e6 5. Nc3 Nbd7 6. Bd3 dxc4 7. Bxc4 b5 8. Bd3
a6 9. a4 b4 10. Ne4 c5 11. O-O Bb7 12. Ned2 cxd4 13. exd4 Be7 14. Qe2 a5 15.
Nc4 O-O 16. Bg5 Nb6 17. Nce5 Nbd5 18. Rac1 Rc8 19. Ba6 Qb6 20. Bxb7 Qxb7 21.
Qb5 Qxb5 22. axb5 Rb8 23. Bxf6 gxf6 24. Nd7 Rxb5 25. Nxf8 Bxf8 26. Rc8 a4 27.
Nd2 a3 28. Nb3 Kg7 29. g3 Rb7 30. Ra8 Rc7 31. bxa3 Rc3 32. Nc5 bxa3 33. Ra1 Rc4
34. R8xa3 Rxd4 35. Rc1 f5 36. Ra7 Bxc5 37. Rxc5 Rb4 38. Rc8 f4 39. Kg2 Rb3 40.
Rd8 f3+ 41. Kh3 Nf6 42. Rd4 Rb2 43. Rf4 Rxf2 44. Ra3 Nd5 45. Rfxf3 Rxf3 46.
Rxf3 f5 47. Ra3 Kf6 48. Ra7 h6 49. Kh4 f4 50. Kh5 e5 51. Kg4 h5+ 52. Kf3 fxg3
53. Kxg3 Kf5 54. Ra1 Nf4 55. Kh4 Ke4 56. Kg5 Kf3 57. h4 Ng2 58. Ra3+ Kf2 59.
Kxh5 e4 60. Kg4 e3 61. h5 e2 62. Ra2 Ke3 63. Rxe2+ Kxe2 64. h6 Ne3+ 65. Kg5 Nc4
66. h7 Ne5 67. Kf6 1-0

[Event "Seniorsko prvenstvo Centralne "]
[Site "Vrnjacka Banja"]
[Date "2008.11.13"]
[Round "8.6"]
[White "Arsovic, Zoran"]
[Black "Popovic, Predrag R"]
[Result "1-0"]
[WhiteElo "2480"]
[BlackElo "2275"]
[PlyCount "83"]
[EventDate "2008.11.08"]

1. d4 e6 2. Nf3 c5 3. e3 Nf6 4. Bd3 Nc6 5. O-O Be7 6. c4 O-O 7. Nc3 cxd4 8.
exd4 d5 9. cxd5 Nxd5 10. Re1 Nxc3 11. bxc3 b6 12. h4 Bb7 13. Ng5 g6 14. Qg4 h5
15. Qg3 Bd6 16. Bf4 Bxf4 17. Qxf4 e5 18. Qg3 exd4 19. Ne6 Qf6 20. Nxf8 Rxf8 21.
cxd4 Nxd4 22. Rad1 Rd8 23. Qg5 Qxg5 24. hxg5 Ne6 25. Bc4 Rxd1 26. Rxd1 Bc8 27.
Bxe6 Bxe6 28. Rd8+ Kg7 29. a3 Bc4 30. Ra8 a5 31. g3 f6 32. Ra7+ Bf7 33. f4 fxg5
34. fxg5 Kf8 35. Rb7 a4 36. Kf2 b5 37. Rxb5 Ke7 38. Rb6 Be8 39. Ke3 Kd7 40. Kd4
Kc7 41. Re6 Kd7 42. Ke5 1-0

[Event "Seniorsko prvenstvo Centralne "]
[Site "Vrnjacka Banja"]
[Date "2008.11.13"]
[Round "8.7"]
[White "Kojovic, Dragan"]
[Black "Nadj Hedjesi, Balind"]
[Result "1-0"]
[WhiteElo "2412"]
[BlackElo "2296"]
[PlyCount "29"]
[EventDate "2008.11.08"]

1. e4 e5 2. Nf3 d6 3. Nc3 Nf6 4. d4 exd4 5. Nxd4 Be7 6. g3 d5 7. e5 Ne4 8. Nxe4
dxe4 9. Bc4 O-O 10. O-O a6 11. e6 f5 12. Nxf5 b5 13. Qxd8 Bxd8 14. Bb3 c5 15.
Bd5 1-0

[Event "Seniorsko prvenstvo Centralne "]
[Site "Vrnjacka Banja"]
[Date "2008.11.13"]
[Round "8.8"]
[White "Gavrilovic, Leonardo"]
[Black "Sredojevic, Ivan"]
[Result "0-1"]
[WhiteElo "2188"]
[BlackElo "2396"]
[PlyCount "80"]
[EventDate "2008.11.08"]

1. Nf3 Nf6 2. c4 d6 3. d4 g6 4. Nc3 Bg7 5. g3 O-O 6. Bg2 c6 7. O-O Qb6 8. e4
Bg4 9. Rb1 e5 10. Be3 Qa6 11. b3 d5 12. dxe5 Nxe4 13. Qc1 Nd7 14. Nxe4 dxe4 15.
Ng5 Be2 16. Re1 Bd3 17. e6 Ne5 18. exf7+ Nxf7 19. Ne6 Qxa2 20. Nxg7 Qxb1 21.
Qc3 Qc2 22. Qa1 Nd6 23. Bh3 Qxb3 24. Be6+ Rf7 25. Qe5 Bxc4 26. Qxd6 Bxe6 27.
Nxe6 Rf6 28. Qc7 Qxe6 29. Qxb7 Rd8 30. Qxa7 Rf7 31. Qb6 Rfd7 32. Qb1 Rd3 33.
Bg5 R8d5 34. h4 h6 35. Qb8+ Kh7 36. Bxh6 Rd8 37. Qf4 Rd1 38. Kf1 Qh3+ 39. Ke2
Rxe1+ 40. Kxe1 Qh1+ 0-1

[Event "Seniorsko prvenstvo Centralne "]
[Site "Vrnjacka Banja"]
[Date "2008.11.13"]
[Round "8.9"]
[White "Lazic, Dragoljub"]
[Black "Stanojevic, Branko"]
[Result "1-0"]
[WhiteElo "2320"]
[BlackElo "2275"]
[PlyCount "105"]
[EventDate "2008.11.08"]

1. e4 e6 2. Nf3 d5 3. Nc3 Bb4 4. a3 Ba5 5. b4 Bb6 6. d4 a5 7. Rb1 axb4 8. axb4
Nc6 9. Bb5 Nge7 10. O-O O-O 11. e5 Nf5 12. Ne2 Bd7 13. Bd3 Nh4 14. Nxh4 Qxh4
15. Be3 f6 16. exf6 Qxf6 17. c4 dxc4 18. Bxc4 Ne7 19. Ng3 Nf5 20. Nxf5 Qxf5 21.
Qb3 Kh8 22. b5 Rae8 23. Bd3 Qh5 24. Be4 Bc8 25. f4 Rd8 26. Rbd1 Rd6 27. Rf3 Qf7
28. Qc2 g6 29. Rf2 Rfd8 30. Rfd2 Qe8 31. Qb2 Kg8 32. Bf2 Qe7 33. g3 Qf6 34. Kg2
Kg7 35. h4 h5 36. Rd3 Kg8 37. Qb4 Qf7 38. Be3 Rd5 39. Qb1 Bd7 40. Rb3 Kg7 41.
Bxd5 exd5 42. f5 Bxf5 43. Qb2 Be4+ 44. Kh2 Qf3 45. Bh6+ Kxh6 46. Rxf3 Bxf3 47.
Rf1 Be4 48. Rf7 g5 49. Qf2 Rd6 50. Rf6+ Rxf6 51. Qxf6+ Bg6 52. Qh8+ Bh7 53.
hxg5+ 1-0

[Event "Seniorsko prvenstvo Centralne "]
[Site "Vrnjacka Banja"]
[Date "2008.11.13"]
[Round "8.10"]
[White "Somborski, Nebojsa"]
[Black "Kolbert, Engelbert"]
[Result "1-0"]
[WhiteElo "2379"]
[BlackElo "2189"]
[PlyCount "75"]
[EventDate "2008.11.08"]

1. e4 c5 2. Nf3 d6 3. Bb5+ Nc6 4. Bxc6+ bxc6 5. O-O Nf6 6. e5 Nd5 7. h3 e6 8.
d3 h6 9. Nbd2 Nb6 10. exd6 Bxd6 11. Ne4 Be7 12. Ne5 Qd5 13. Bf4 c4 14. Nc3 Qd4
15. Qf3 Bb7 16. Rad1 cxd3 17. Rxd3 Qc5 18. b4 Qxb4 19. Bxh6 O-O 20. Bxg7 Kxg7
21. Ne4 f5 22. Qh5 f4 23. Qg6+ Kh8 24. Qh6+ Kg8 25. Qxe6+ Kg7 26. Qg6+ Kh8 27.
a3 Qa4 28. Rd6 Qxe4 29. Qh5+ Qh7 30. Rh6 Qxh6 31. Qxh6+ Kg8 32. Qe6+ Kh8 33.
Qxe7 Ba6 34. Rd1 Nd5 35. Qh4+ Kg7 36. Qg5+ Kh7 37. Qg6+ Kh8 38. Qxc6 1-0

[Event "Seniorsko prvenstvo Centralne "]
[Site "Vrnjacka Banja"]
[Date "2008.11.13"]
[Round "8.11"]
[White "Mitrovic, Darko R"]
[Black "Misojcic, Miroslav"]
[Result "1-0"]
[WhiteElo "2362"]
[BlackElo "2221"]
[PlyCount "115"]
[EventDate "2008.11.08"]

1. e4 c5 2. Nf3 Nc6 3. d4 cxd4 4. Nxd4 Nf6 5. Nc3 e5 6. Ndb5 d6 7. Bg5 a6 8.
Na3 b5 9. Bxf6 gxf6 10. Nd5 f5 11. Bd3 Be6 12. O-O Bg7 13. c3 Bxd5 14. exd5 Ne7
15. Nc2 e4 16. Be2 O-O 17. a4 Qb6 18. axb5 axb5 19. Qd2 Ra4 20. Nb4 Ng6 21.
Rae1 Re8 22. Kh1 Qc5 23. f3 e3 24. Qd3 Rxb4 25. cxb4 Qxb4 26. Qxb5 Rb8 27. Qxb4
Rxb4 28. Bd3 f4 29. g3 Rxb2 30. Re2 Rb3 31. Bxg6 hxg6 32. gxf4 Bh6 33. f5 gxf5
34. f4 Bg7 35. Kg2 Bd4 36. Kf3 Kg7 37. Rg1+ Kf6 38. h4 Rb8 39. h5 Rh8 40. Rg5
Bc5 41. Rh2 Rh6 42. Rg8 Ke7 43. Ke2 Kf6 44. Kd3 Ke7 45. Kc4 Kf6 46. Re8 Kg7 47.
Kb5 Kf6 48. Kc6 Rh7 49. h6 Kg6 50. Rg8+ Kf6 51. Rgg2 Bb4 52. Kd7 Bc5 53. Rg8
Bb4 54. Rgg2 Bc5 55. Rh3 Bb4 56. Re2 Bc5 57. Reh2 Kg6 58. Ke7 1-0

[Event "Seniorsko prvenstvo Centralne "]
[Site "Vrnjacka Banja"]
[Date "2008.11.13"]
[Round "8.12"]
[White "Milosevic, Slavisa"]
[Black "Karaklajic, Milutin"]
[Result "1-0"]
[WhiteElo "2282"]
[BlackElo "2108"]
[PlyCount "75"]
[EventDate "2008.11.08"]

1. e4 e6 2. d4 d5 3. exd5 exd5 4. Qf3 Nf6 5. h3 c5 6. Bb5+ Nc6 7. Ne2 Qb6 8.
Nbc3 Be6 9. dxc5 Bxc5 10. O-O a6 11. Bxc6+ Qxc6 12. Be3 Rd8 13. Rad1 O-O 14.
Bg5 Be7 15. Rfe1 b5 16. Nd4 Qd7 17. a3 h6 18. Bf4 Nh7 19. Be5 Bf6 20. Rd3 Ng5
21. Qf4 Nh7 22. Bxf6 Nxf6 23. Re5 Qd6 24. Qg3 Nd7 25. Rxe6 Qxg3 26. Rxg3 fxe6
27. Nxe6 d4 28. Ne2 Nc5 29. Nxc5 Rfe8 30. Kf1 Rd5 31. Nd3 a5 32. Rg4 Red8 33.
Ke1 b4 34. axb4 axb4 35. Nxb4 Rb5 36. Nd3 Rbd5 37. Kd2 Kh7 38. b4 1-0

[Event "Seniorsko prvenstvo Centralne "]
[Site "Vrnjacka Banja"]
[Date "2008.11.13"]
[Round "8.13"]
[White "Djosic, Slavoljub"]
[Black "Tasic, Zoran"]
[Result "0-1"]
[WhiteElo "2256"]
[BlackElo "2159"]
[PlyCount "78"]
[EventDate "2008.11.08"]

1. e4 Nc6 2. d4 d5 3. e5 Bf5 4. Nf3 h6 5. Be2 Qd7 6. O-O g5 7. c3 O-O-O 8. b4
Kb8 9. Nbd2 f6 10. Nb3 e6 11. b5 Nce7 12. exf6 Nxf6 13. Ne5 Qe8 14. Na5 Nc8 15.
Qb3 Nb6 16. a4 Bd6 17. Nac6+ bxc6 18. a5 Bxe5 19. dxe5 Ne4 20. axb6 cxb6 21.
bxc6 Qxc6 22. Ra3 Rc8 23. c4 dxc4 24. Qa2 Rh7 25. Be3 Rd7 26. f3 Nc5 27. Bxc4
Nd3 28. Bb3 Nc5 29. Rc1 Qb5 30. Bc4 Qb4 31. Bf1 Rdc7 32. Ra1 a5 33. Qf2 Nb3 34.
Rxb3 Qxb3 35. Bxb6 Rc1 36. Ba7+ Kb7 37. Qd4 Rxa1 38. Qxa1 Kxa7 39. Qxa5+ Kb8
0-1

[Event "Seniorsko prvenstvo Centralne "]
[Site "Vrnjacka Banja"]
[Date "2008.11.13"]
[Round "8.14"]
[White "Misic, Dragan"]
[Black "Damjanovic, Dragan"]
[Result "1-0"]
[WhiteElo "2229"]
[BlackElo "2229"]
[PlyCount "41"]
[EventDate "2008.11.08"]

1. d4 d5 2. Nf3 c6 3. c4 e6 4. cxd5 exd5 5. Nc3 Nf6 6. Qc2 g6 7. Bg5 Bg7 8. e3
Bf5 9. Bd3 Bxd3 10. Qxd3 O-O 11. O-O Nbd7 12. b4 h6 13. Bh4 g5 14. Bg3 Qe7 15.
Nd2 Rfe8 16. Rab1 a6 17. Nb3 Qxb4 18. Nd2 Qa3 19. Rxb7 c5 20. Ndb1 Qa5 21. Bc7
1-0

[Event "Seniorsko prvenstvo Centralne "]
[Site "Vrnjacka Banja"]
[Date "2008.11.13"]
[Round "8.15"]
[White "Zlatanovic, Zoran"]
[Black "Ostojic, Nikola"]
[Result "0-1"]
[WhiteElo "2169"]
[BlackElo "2398"]
[PlyCount "50"]
[EventDate "2008.11.08"]

1. e4 d5 2. Nc3 d4 3. Nce2 e5 4. Ng3 Be6 5. Nf3 f6 6. Bb5+ c6 7. Ba4 Na6 8. Bb3
Nc5 9. Bxe6 Nxe6 10. d3 Qd7 11. a4 g6 12. c3 dxc3 13. bxc3 O-O-O 14. Ke2 Bh6
15. Be3 Bxe3 16. fxe3 h5 17. Re1 Nc5 18. d4 h4 19. dxc5 Qe6 20. Nd2 hxg3 21. h3
Rxh3 22. Qc2 Rh2 23. Rg1 Qg4+ 24. Nf3 f5 25. Rad1 fxe4 0-1

[Event "Seniorsko prvenstvo Centralne "]
[Site "Vrnjacka Banja"]
[Date "2008.11.13"]
[Round "8.16"]
[White "Pantelic, Sasa"]
[Black "Jevtic, Miroljub"]
[Result "1-0"]
[WhiteElo "2293"]
[BlackElo "2167"]
[PlyCount "59"]
[EventDate "2008.11.08"]

1. Nf3 d5 2. d4 c6 3. c4 e6 4. e3 Bb4+ 5. Nc3 Nf6 6. Bd3 O-O 7. O-O b6 8. cxd5
exd5 9. Ne5 Bxc3 10. bxc3 Ne4 11. c4 f6 12. cxd5 fxe5 13. Bxe4 Qh4 14. Qc2 Ba6
15. Rd1 Nd7 16. dxc6 Nf6 17. Bf5 e4 18. Ba3 Bd3 19. Qb3+ Rf7 20. Bd6 Be2 21.
Be6 Raf8 22. Rd2 Bg4 23. Bxf8 Bxe6 24. Qxe6 Kxf8 25. h3 Re7 26. Qd6 Ne8 27. Qd8
Qf6 28. Rc1 Qd6 29. c7 Qb4 30. Rdc2 1-0

[Event "Seniorsko prvenstvo Centralne "]
[Site "Vrnjacka Banja"]
[Date "2008.11.13"]
[Round "8.17"]
[White "Vasic, Vladimir"]
[Black "Milosevic, Zoran"]
[Result "0-1"]
[WhiteElo "2191"]
[BlackElo "2279"]
[PlyCount "106"]
[EventDate "2008.11.08"]

1. e4 c5 2. Nf3 e6 3. d4 cxd4 4. Nxd4 Nf6 5. f3 d5 6. e5 Nh5 7. g3 Nc6 8. f4 g6
9. c3 Bc5 10. Be3 Qb6 11. Qd2 Ng7 12. Bh3 a5 13. O-O Bd7 14. Na3 Nxd4 15. Bxd4
Bxd4+ 16. cxd4 O-O 17. Rac1 Qb4 18. Rc3 Rfc8 19. Rfc1 Rc6 20. Kf2 Raa6 21. Ke3
Rab6 22. R1c2 Rxc3+ 23. Qxc3 Qxc3+ 24. bxc3 Ba4 25. Rd2 Kf8 26. c4 Ke7 27. c5
Rb4 28. Kd3 b6 29. cxb6 Rxb6 30. Kc3 Rc6+ 31. Kb2 h5 32. Nb1 Rc4 33. Na3 Rc7
34. Nb1 Rc4 35. Na3 Rc7 36. Nb1 Rb7+ 37. Ka3 Rb4 38. Nc3 Bc6 39. Nd1 Kd7 40.
Ne3 Ne8 41. Bf1 Nc7 42. Nc2 Rb1 43. Bd3 Kc8 44. Ne3 Rb4 45. Nc2 Rb6 46. Na1 Rb4
47. Nc2 Rb1 48. Ne3 Rb4 49. Nc2 Nb5+ 50. Bxb5 Rxb5 51. Na1 Rb4 52. Nb3 Kc7 53.
Nxa5 Ra4+ 0-1

[Event "Seniorsko prvenstvo Centralne "]
[Site "Vrnjacka Banja"]
[Date "2008.11.13"]
[Round "8.18"]
[White "Misailovic, Nebojsa"]
[Black "Jokic, Miodrag"]
[Result "1-0"]
[WhiteElo "2267"]
[BlackElo "2148"]
[PlyCount "117"]
[EventDate "2008.11.08"]

1. e4 d6 2. d4 Nf6 3. Nc3 e5 4. dxe5 dxe5 5. Qxd8+ Kxd8 6. Bc4 Be6 7. Bxe6 fxe6
8. Nge2 Nc6 9. Be3 a6 10. O-O-O+ Bd6 11. Kb1 Ke7 12. f3 b5 13. Nc1 Rhb8 14.
N3e2 b4 15. Nb3 a5 16. Nd2 a4 17. Nc4 Na5 18. Nxa5 Rxa5 19. Rd2 b3 20. cxb3
axb3 21. a3 Nd7 22. Rc1 Nb6 23. Bxb6 Rxb6 24. Rd3 Ra4 25. Rcc3 c5 26. Rxb3 c4
27. Rxb6 cxd3 28. Nc3 Rc4 29. Rb3 Bc5 30. Kc1 Be3+ 31. Kd1 Kf6 32. a4 Kg5 33.
a5 Kf4 34. a6 Bc5 35. Kd2 Be3+ 36. Kxd3 Rd4+ 37. Kc2 Rd2+ 38. Kb1 Rxg2 39. Ne2+
Rxe2 40. Rxe3 Kxe3 41. a7 Rxh2 42. a8=Q Kxf3 43. b4 g5 44. b5 g4 45. Qa3+ Kf4
46. Qc1+ Kf3 47. Qd1+ Re2 48. b6 Kf2 49. b7 Re1 50. Qxe1+ Kxe1 51. b8=Q g3 52.
Qxe5 g2 53. Qg3+ Kf1 54. Qf3+ Kg1 55. Kc2 Kh2 56. Qf4+ Kh3 57. Qf2 Kh2 58. Qh4+
Kg1 59. Kd2 1-0

[Event "Seniorsko prvenstvo Centralne "]
[Site "Vrnjacka Banja"]
[Date "2008.11.13"]
[Round "8.19"]
[White "Gagic, Miroljub"]
[Black "Radosavljevic, Slobodan D"]
[Result "0-1"]
[WhiteElo "1851"]
[BlackElo "2267"]
[PlyCount "106"]
[EventDate "2008.11.08"]

1. e4 e5 2. Nf3 d6 3. d4 exd4 4. Nxd4 g6 5. c4 Bg7 6. Nc3 Nc6 7. Be3 Nge7 8.
Be2 O-O 9. O-O f5 10. exf5 Bxd4 11. Bxd4 Nxf5 12. Be3 Nxe3 13. fxe3 Rxf1+ 14.
Bxf1 Be6 15. Nd5 Rc8 16. Qd2 Qg5 17. Be2 Ne7 18. Nxe7+ Qxe7 19. b3 Re8 20. Bf3
b6 21. Re1 Qg5 22. Qd4 a5 23. Bd5 Bf7 24. Bxf7+ Kxf7 25. Rf1+ Kg8 26. Rf4 Re5
27. h4 Qe7 28. Rf3 Qe6 29. Qd2 h5 30. Qf2 Kg7 31. Kh2 Re4 32. g3 Re5 33. Qd2
Qd7 34. Qf2 Rf5 35. Qb2+ Kf7 36. Rxf5+ Qxf5 37. Qh8 Qf2+ 38. Kh3 Qf6 39. Qh7+
Qg7 40. Qxg7+ Kxg7 41. g4 Kf6 42. Kg3 Ke5 43. Kf3 c6 44. e4 hxg4+ 45. Kxg4 Kxe4
46. Kg5 d5 47. cxd5 cxd5 48. Kxg6 d4 49. h5 d3 50. h6 d2 51. h7 d1=Q 52. h8=Q
Qd6+ 53. Kf7 Qd7+ 0-1

[Event "Seniorsko prvenstvo Centralne "]
[Site "Vrnjacka Banja"]
[Date "2008.11.13"]
[Round "8.20"]
[White "Tasic, Vladimir"]
[Black "Stojanovic, Vladimir M"]
[Result "1-0"]
[WhiteElo "2241"]
[BlackElo "1944"]
[PlyCount "83"]
[EventDate "2008.11.08"]

1. Nf3 Nf6 2. d4 d6 3. c4 Nbd7 4. Nc3 e5 5. e4 Be7 6. d5 O-O 7. Qc2 c6 8. Be2
a6 9. a4 cxd5 10. cxd5 h6 11. h3 Re8 12. O-O Nf8 13. Be3 g5 14. Nd2 Ng6 15.
Rfc1 Nf4 16. Bf1 Bf8 17. Nc4 Nd7 18. g3 Ng6 19. a5 Qf6 20. Na4 Be7 21. Ncb6 Rb8
22. Qc7 Ngf8 23. Ra3 Bd8 24. Qc2 Nxb6 25. Bxb6 Bd7 26. Bxd8 Qxd8 27. Nb6 Qf6
28. Rc3 Red8 29. Rc7 Be8 30. b4 Qg6 31. Bd3 Kh8 32. Kg2 Nh7 33. Qe2 h5 34. g4
h4 35. Qf3 Nf8 36. Qf5 Kg7 37. Rc8 Bd7 38. Rxd8 Rxd8 39. Qf3 Qf6 40. Rc7 Qxf3+
41. Kxf3 Be8 42. Rxb7 1-0

[Event "Seniorsko prvenstvo Centralne "]
[Site "Vrnjacka Banja"]
[Date "2008.11.13"]
[Round "8.22"]
[White "Dolovic, Dusko"]
[Black "Pavicevic, Jovan"]
[Result "1/2-1/2"]
[WhiteElo "2199"]
[BlackElo "2093"]
[PlyCount "21"]
[EventDate "2008.11.08"]

1. Nf3 g6 2. d4 Bg7 3. g3 Nf6 4. Bg2 O-O 5. O-O d5 6. c4 e6 7. Nc3 Nbd7 8. cxd5
exd5 9. Ne5 c6 10. Bf4 Nxe5 11. Bxe5 1/2-1/2

[Event "Seniorsko prvenstvo Centralne "]
[Site "Vrnjacka Banja"]
[Date "2008.11.13"]
[Round "8.24"]
[White "Adamovic, Strahinja"]
[Black "Irizanin, Radoje"]
[Result "0-1"]
[WhiteElo "2025"]
[BlackElo "2339"]
[PlyCount "50"]
[EventDate "2008.11.08"]

1. e4 c5 2. Nf3 d6 3. d4 cxd4 4. Nxd4 Nf6 5. Nc3 a6 6. Bc4 e6 7. Bb3 Nbd7 8.
Bg5 h6 9. Be3 Nc5 10. f4 Nfxe4 11. Nxe4 Nxe4 12. Qf3 Nc5 13. O-O Nxb3 14. axb3
Be7 15. Qg3 g6 16. Qf2 Bd7 17. Rfe1 Kf8 18. Qf3 Qc7 19. g4 Bf6 20. f5 gxf5 21.
gxf5 Rg8+ 22. Kf1 Bxd4 23. fxe6 Bc6 24. Qxf7+ Qxf7+ 25. exf7 Rg4 0-1

[Event "Seniorsko prvenstvo Centralne "]
[Site "Vrnjacka Banja"]
[Date "2008.11.13"]
[Round "8.25"]
[White "Sekularac, Andrej"]
[Black "Ilic, Dragan B"]
[Result "0-1"]
[WhiteElo "2134"]
[BlackElo "2256"]
[PlyCount "52"]
[EventDate "2008.11.08"]

1. e4 e5 2. Nf3 Nf6 3. d3 Nc6 4. Nbd2 Bc5 5. Be2 Ng4 6. O-O Bxf2+ 7. Rxf2 Ne3
8. Qe1 Nxc2 9. Qd1 Nxa1 10. Nc4 f6 11. Bd2 d5 12. exd5 Qxd5 13. Qxa1 Be6 14. b3
O-O 15. Ne3 Qd7 16. Bc3 a5 17. Qb1 a4 18. Bd1 b5 19. b4 Rad8 20. Be2 Ne7 21.
Nd2 Qc6 22. Ne4 Ng6 23. g3 f5 24. Nc5 f4 25. Bf3 fxe3 26. Bxc6 exf2+ 0-1

[Event "Seniorsko prvenstvo Centralne "]
[Site "Vrnjacka Banja"]
[Date "2008.11.13"]
[Round "8.26"]
[White "Pantic, Ivica"]
[Black "Matejic, Dragoljub"]
[Result "0-1"]
[WhiteElo "2208"]
[BlackElo "1918"]
[PlyCount "74"]
[EventDate "2008.11.08"]

1. d4 d5 2. Nf3 Nf6 3. c4 e6 4. Nc3 c6 5. Bg5 Bb4 6. e3 Qa5 7. Nd2 Bxc3 8. bxc3
Qxc3 9. Bxf6 gxf6 10. Rc1 Qa5 11. Bd3 e5 12. cxd5 Qxd5 13. Be4 Qd6 14. O-O Be6
15. Bb1 Nd7 16. Ne4 Qe7 17. dxe5 fxe5 18. Nd6+ Kf8 19. Nxb7 c5 20. Na5 Rc8 21.
Qh5 h6 22. f4 exf4 23. exf4 c4 24. Qb5 Nb6 25. Nc6 Qd6 26. Be4 Rg8 27. Rcd1 Qa3
28. Qh5 Qe3+ 29. Rf2 Qxe4 30. Qxh6+ Ke8 31. Nxa7 Rc5 32. Rb2 Bd5 33. Kf1 c3 34.
Qxb6 Qxf4+ 35. Rf2 Bxg2+ 36. Ke1 Re5+ 37. Re2 Qf1# 0-1

[Event "Seniorsko prvenstvo Centralne "]
[Site "Vrnjacka Banja"]
[Date "2008.11.13"]
[Round "8.28"]
[White "Boskovic, Maksimilijan"]
[Black "Ostojic, Slobodan"]
[Result "1-0"]
[WhiteElo "1903"]
[BlackElo "1921"]
[PlyCount "91"]
[EventDate "2008.11.08"]

1. d4 Nf6 2. c4 g6 3. Nc3 Bg7 4. e4 d6 5. Nf3 O-O 6. Be2 e5 7. O-O Nc6 8. d5
Ne7 9. Bd2 h6 10. Rc1 Nd7 11. b4 b6 12. Ne1 g5 13. Nd3 Ng6 14. c5 bxc5 15. bxc5
Ba6 16. cxd6 cxd6 17. Nb4 Bxe2 18. Qxe2 Nc5 19. Nc6 Qd7 20. Qc4 Rfc8 21. Na4
Nxa4 22. Qxa4 Rc7 23. Qa6 Nf4 24. f3 Kh7 25. Ba5 Rcc8 26. Rb1 h5 27. Rb7 Qe8
28. Re7 Qf8 29. Rb1 Rxc6 30. Qxc6 Qxe7 31. Qxa8 g4 32. Qd8 Ne2+ 33. Kf2 Qxd8
34. Bxd8 gxf3 35. gxf3 Nf4 36. Be7 Bh6 37. Bxd6 h4 38. Be7 Nd3+ 39. Ke2 Nf4+
40. Kf1 h3 41. d6 Ng2 42. d7 Bf4 43. d8=Q Bxh2 44. Rb8 Ne3+ 45. Ke2 Bf4 46.
Qh8+ 1-0